000 00331nam a2200157Ia 4500
100 _aTanenbaum /Andrew S.
250 _a2
942 _cBK
654 _aoperating system
245 _aModern operationg systems
260 _bPrentice Hall
_c2003
082 _a5.43
_bTAN
300 _a951
546 _aENGLISH
999 _c34991
_d34991